Normal view MARC view

Entry Personal Name

Number of records used in: 1

001 - CONTROL NUMBER

  • control field: 29659

003 - CONTROL NUMBER IDENTIFIER

  • control field: OSt

005 - DATE AND TIME OF LATEST TRANSACTION

  • control field: 20220209120510.0

008 - FIXED-LENGTH DATA ELEMENTS

  • fixed length control field: 220209|| aca||aabn | a|a d

040 ## - CATALOGING SOURCE

  • Original cataloging agency: OSt
  • Transcribing agency: OSt

100 ## - HEADING--PERSONAL NAME

  • Personal name: Murthy, R.V. Ramana

670 ## - SOURCE DATA FOUND

  • Source citation: Work cat.: (OSt)518602: Murthy, R.V. Ramana , Peripheral capitalism in India its perilous future

Powered by Koha